00325nam a2200133Ia 4500008004100000020001500041041001200056082001600068100001600084245004200100260002500142300000800167650001600175221030s9999 xx 000 0 und d a8120308433 aEnglish a105.23bKru aR. L. Kruse 0aData Structures & Program Design In C bPHIaNew Delhic1996 a507 aBE Computer